000 00372nam a2200145Ia 4500
008 230917s9999||||xx |||||||||||||| ||und||
040 _e179021
_aMAIN
041 _aEnglish
082 _a658.3 S92H
100 _aShukla, R K
245 0 _aHuman resource management: Policies and practices
260 _aLucknow
_bNew Royal Book
_c2008
300 _a513 p.
942 _cBK
999 _c156414
_d156414